LEADER 01008nam a2200253 4500 001 000000355183 003 CaOOAMICUS 005 20230907123540.0 008 230830s2012 it a 000 u ita r 020 $a88-86148-97-6 040 $aSeMil$bita 100 1 $aBernardo, Antonio.$0(OLS)http://semarc/name/31695 245 10$aPellegrino in Terra Santa :$bguida e manuale liturgico /$cAntonio Bernardo. 250 $a3. rist. 264 1$aRoma :$bIl Calamo,$c2012. 300 $a445 p. :$bill. ;$c17 cm 650 4$aTerra Santa - Guide.$0(OLS)http://semarc/subject/3882 850 $aSeMil 852 $aSeMil$W1$xVenegono$y1$m4Y I 27$j244278$B246464$CSeMilBibl$Z2$F246464 $81 961 $aBrambilla don Paolo - Omaggio 996 $6020$a88-86148-97-6$9(OLS)http://semarc/number/298760 996 $6245$aPellegrino in Terra Santa :$bguida e manuale liturgico$9(OLS)http://semarc/title/445357 996 $6264$aRoma :$bIl Calamo$9(OLS)http://semarc/publisher/33764 LEADER 01545nam a2200265 i 4500 001 000000000643 003 CaOOAMICUS 005 20180830125433.0 008 180830s1982 sz u000 u und u 040 $aSeMil$bita 100 1 $aDeshusses, Jean .$0(OLS)http://semarc/name/89125 245 10$aConcordances et tableaux pour l'étude des grands sacramentaires /$cJean Deshusses, Benoît Darragon moines bénédictins d'Hautecombe. 260 $aFribourg (Suisse) :$bÉditions Universitaires,$c1982-1983. 300 $a6 v. ;$c26 cm. 700 1 $aDarragon, Benoît.$0(OLS)http://semarc/name/496 773 0 $aMeersseman, Gilles-Gérard $tSpicilegii Friburgensis Subsidia.$dFribourg : Éditions Universitaires, 1965.$w()381 774 0 $tConcordance verbale.$gtome 3$w()24303 774 0 $tConcordance des pièces.$kSpicilegii Friburgensis Subsidia$z2-8271-0232-3$gTome1$w()74666 774 0 $tTableaux synoptiques.$kSpicilegii Friburgensis Subsidia$z2-8271-0233-1$gTome2$w()74667 774 0 $tA-D.$kSpicilegii Friburgensis Subsidia$z2-8271-0234-X$gTome3$w()74668 774 0 $tE-L.$kSpicilegii Friburgensis Subsidia$z2-8271-0235-8$gTome3$w()74669 774 0 $tM-P.$kSpicilegii Friburgensis Subsidia$z2-8271-0236-6$gTome3$w()74670 774 0 $tQ-Z.$kSpicilegii Friburgensis Subsidia$z2-8271-0237-4$gTome3$w()74671 996 $6245$aConcordances et tableaux pour l'étude des grands sacramentaires$9(OLS)http://semarc/title/923 996 $6260$aFribourg (Suisse) :$bÉditions Universitaires$9(OLS)http://semarc/publisher/29915